_Company Law CPA Study Text Paper No. 11/ Strathmore University (Record no. 7214)
[ view plain ]
| 000 -LEADER | |
|---|---|
| fixed length control field | 00437nam a2200133Ia 4500 |
| 008 - FIXED-LENGTH DATA ELEMENTS--GENERAL INFORMATION | |
| fixed length control field | 151021s9999 xx 000 0 und d |
| 050 ## - LIBRARY OF CONGRESS CALL NUMBER | |
| Classification number | KD 2079.3 S49 2009 |
| 245 ## - TITLE STATEMENT | |
| Title | _Company Law CPA Study Text Paper No. 11/ Strathmore University |
| 260 ## - PUBLICATION, DISTRIBUTION, ETC. (IMPRINT) | |
| Place of publication, distribution, etc. | Nairobi : Strathmore University 2009 |
| 300 ## - PHYSICAL DESCRIPTION | |
| Extent | ix , 389 p. |
| 500 ## - GENERAL NOTE | |
| General note | Includes index |
| 650 ## - SUBJECT ADDED ENTRY--TOPICAL TERM | |
| Topical term or geographic name as entry element | _Nature and Classification of Companies |
| 980 ## - EQUIVALENCE OR CROSS-REFERENCE-SERIES STATEMENT--PERSONAL NAME/TITLE [LOCAL, CANADA] | |
| Personal name | ^d20120305 02:14:29^oanne |
No items available.